| 000 | 00584nam a2200193Ia 4500 | ||
|---|---|---|---|
| 008 | 140429s9999 xx 000 0 und d | ||
| 020 | _a9781133108795 | ||
| 050 |
_aQD 415 _b.G29 2013 |
||
| 100 | _aGarrett, Reginald H. | ||
| 245 |
_aBiochemistry / _cReginald H. Garrett and Charles M. Grisham. |
||
| 250 | _a5th ed. | ||
| 260 |
_aAustralia : _bBrooks/Cole Cengage Learning, _cc2013. |
||
| 300 |
_a1169 p. : _bcol. ill. ; _c28 cm. |
||
| 500 | _aIncludes bibliographical references and index. | ||
| 521 | _aGE | ||
| 650 | _aBiochemistry. | ||
| 942 |
_kFOR _cBK |
||
| 999 |
_c115685 _d115685 |
||